Dôveru si digitál získava pomaly
Elektronické cenovky, podobne ako mnohé iné technologické riešenia, boli dlho považované skôr za imidžovú záležitosť než za reálneho pomocníka. Obchodníci ich výhody stále objavujú len veľmi postupne, no rovnako sú na tom aj zákazníci. Digitálne štítky pri tovare pritom v regáloch ponúkajú mnoho nov...
Saved in:
| Main Author: | |
|---|---|
| Format: | Book Chapter |
| Language: | Slovak |
| Subjects: | |
| Tags: |
No Tags, Be the first to tag this record!
|
MARC
| LEADER | 00000naa a2200000 4500 | ||
|---|---|---|---|
| 001 | 0315407 | ||
| 005 | 20260312094903.0 | ||
| 041 | 0 | |a slo | |
| 044 | |a CZ | ||
| 245 | 1 | 0 | |a Dôveru si digitál získava pomaly |c Peter Kapitán |
| 520 | |a Elektronické cenovky, podobne ako mnohé iné technologické riešenia, boli dlho považované skôr za imidžovú záležitosť než za reálneho pomocníka. Obchodníci ich výhody stále objavujú len veľmi postupne, no rovnako sú na tom aj zákazníci. Digitálne štítky pri tovare pritom v regáloch ponúkajú mnoho nových, nepreskúmaných možností, akými sa dá zlepšiť nielen zážitok spotrebiteľa, ale tiež zvýšiť efektívnosť predajne aj riadenia procesov. | ||
| 610 | 2 | 0 | |a označovanie tovarov |
| 610 | 2 | 0 | |a vybavenosť pracoviska |
| 610 | 2 | 0 | |a technológie obchodné |
| 610 | 2 | 0 | |a technológie nové |
| 610 | 2 | 0 | |a tvorba cien |
| 610 | 2 | 0 | |a služby elektronické |
| 100 | 1 | |a Kapitán, Peter | |